| 000 | | | 04707nac2a22003133x 450 |
| 001 | | | da00c63f-9117-4380-91cc-75ed73b05c3e |
| 005 | | | 20210719195251.0 |
| 100 | ## | $a | 20210612l19371937k y0rusy50 ca |
| 101 | 0# | $a | rus |
| | $a | mul |
| 102 | ## | $a | RU |
| 105 | ## | $a | y z ||||| |
| 122 | 2# | $a | d19370707 |
| | $a | d19370709 |
| 200 | 1# | $a | Протоколы №№ 1-4 /подлин./ объединенных Заседаний 4-й Сессии ЦИК СССР 7-го созыва |
| | $j | 07.07.1937 - 09.07.1937 |
| 215 | ## | $a | 56 листов |
| 251 | ## | $c | Дело |
| 300 | ## | $a | Заголовок дела на папке: Протоколы №№ 1-4 объединенных Заседаний 4-й Сессии ЦИК СССР VII-го созыва. 7-9 июля 1937 года |
| 300 | ## | $a | Подлинные |
| 300 | ## | $a | Часть текста на языках народов СССР |
| 300 | ## | $a | Листы: 3-18 - брошюра (регламент) |
| 300 | ## | $a | Часть текста машинописная и рукописная, часть - напечатана типографским способом |
| 330 | ## | $a | Входит в раздел описи: VII-й Съезд Советов. 4-я Сессия ЦИК СССР |
| 461 | #0 | $1 | 001796d4672-8a00-4986-b488-6e42273792cc |
| | $1 | 2001 |
| | $a | ЦЕНТРАЛЬНЫЙ ИСПОЛНИТЕЛЬНЫЙ КОМИТЕТ СССР (ЦИК СССР) |
| | $1 | 251 |
| | $c | Фонд |
| | $1 | 852 |
| | $j | 3316 |
| | $g | Р |
| 462 | #0 | $1 | 0012246e4af-064a-4b66-b386-cae0ddb7fb2d |
| | $1 | 2001 |
| | $a | Дела 7-го Съезда Советов и 1-й, 2-й, 3-й, 4-й Сессий 7-го созыва. 1935-1937 гг. |
| | $v | Д. 194 |
| | $1 | 251 |
| | $c | Опись |
| | $1 | 852 |
| | $j | 7 |
| 517 | 1# | $a | Протоколы №№ 1-4 объединенных Заседаний 4-й Сессии ЦИК СССР VII-го созыва. 7-9 июля 1937 года |
| 601 | 01 | $3 | RU\NLR\AUTH\880357276 |
| | $a | СССР |
| | $b | ЦИК |
| 601 | 02 | $3 | RU\NLR\AUTH\880399378 |
| | $a | СССР |
| | $b | ЦИК |
| | $b | Созыв |
| | $c | 7 |
| | $b | Сессия |
| | $d | 4 |
| 801 | #0 | $a | RU |
| | $b | GA_RF |
| 801 | #1 | $a | RU |
| | $b | ГлавНИВЦ |
| | $c | 20210612 |
| | $2 | rusmarc |
| 801 | #2 | $a | RU |
| | $b | ПБ им. Б.Н. Ельцина |
| | $c | 20210719 |
| | $g | RCR |
| | $2 | rusmarc |
| 852 | ## | $a | ГА РФ |
| | $j | 194 |
| 937 | ## | $d | 166423782 |
| | $h | ГАРФ |
| 035 | ## | $a | RuPRLIB51060646 |
| 856 | ## | $u | http://readingroom.main.prlib.ru/item.aspx?id_node=n166423782&mode=full |